000
00295nam a22000977a 4500
005
20250901165427.0
008
210329b ||||| |||| 00| 0 eng d
050
_a
HD30.4 B7 1992
245
_a
Introduction to business : our business and economic world
_c
Brown, Betty Jean; Clow, John E.
942
_2
ddc
999
_c
3797
_d
3797